| 000 | 01063cam a2200133 4500500 | ||
|---|---|---|---|
| 005 | 20260329043048.0 | ||
| 041 | _afre | ||
| 042 | _adc | ||
| 100 | 1 | 0 |
_aGardes Tamine, Joëlle _eauthor |
| 245 | 0 | 0 | _aLa grammaire : Méthodes et notions |
| 260 |
_bArmand Colin,
_c2012. |
||
| 520 | _aCet ouvrage présente la grammaire de manière à la fois simple et approfondie, en explicitant ses options et ses démarches. Dès la première année de licence, les étudiants trouveront les outils de base qui leur permettront de pratiquer la discipline de manière active. Un exposé réduit au savoir fondamental, assorti de définitions, références, extraits de réflexions de grammairiens et de linguistes, et de très nombreuses applications leur permettront de travailler de manière personnelle, à leur rythme et selon leur niveau de connaissance. Joëlle Gardes Tamine est professeur de linguistique et de philologie à l'université de Paris-Sorbonne. | ||
| 856 | 4 | 1 | _uhttps://shs.cairn.info/la-grammaire--9782200276492?lang=fr&redirect-ssocas=7080 |
| 999 |
_c1982688 _d1982688 |
||